Podvratná hydrokracie aneb kdo ovládá vodní zdroje ve Zlatém trojúhelníku

Úloha vzťahu kriminálnych skupín v rozvoji vodných zdrojov v Myanmare a súčasnými politicko-bezpečnostnými výzvami v oblasti Zlatého trojúholníka. Koncept hydrokracie a otázky vplyvu kriminalných skupín (tzv. „podvratná hydrokracia“) na tempo rozvoja vodných zdrojov. Dôvody prečo tieto skupiny tvo...

Ausführliche Beschreibung

Gespeichert in:
Bibliographische Detailangaben
1. Verfasser: Grünwald, Richard
Weitere Verfasser: Kouřil, Michal
Format: Buchkapitel
Sprache:Tschechisch
Schlagworte:
Tags: Tag hinzufügen
Keine Tags, Fügen Sie das erste Tag hinzu!

MARC

LEADER 00000nla a2200000 4500
001 0247806
005 20240417075145.7
041 0 |a cze 
044 |a SK 
245 1 0 |a Podvratná hydrokracie aneb kdo ovládá vodní zdroje ve Zlatém trojúhelníku  |c Richard Grünwald, Michal Kouřil 
520 |a Úloha vzťahu kriminálnych skupín v rozvoji vodných zdrojov v Myanmare a súčasnými politicko-bezpečnostnými výzvami v oblasti Zlatého trojúholníka. Koncept hydrokracie a otázky vplyvu kriminalných skupín (tzv. „podvratná hydrokracia“) na tempo rozvoja vodných zdrojov. Dôvody prečo tieto skupiny tvoria významnú súčásť vodného vládnutia na pomedzí Číny, Myanmaru, Thajska a Laosu. 
610 2 0 |a zdroje vodné 
610 2 0 |a moc politická 
610 2 0 |a Čína 
610 2 0 |a Thajsko 
610 2 0 |a Laos 
610 2 0 |a skupiny záujmové 
610 2 0 |a politika medzinárodná 
100 1 |a Grünwald, Richard 
700 1 |a Kouřil, Michal